International symposium on brassicas: Ninth crucifer genetics workshop
保存先:
| フォーマット: | 図書 |
|---|---|
| 言語: | Undetermined |
| 出版事項: |
Leuven (Belgium)
ISHS
1996
|
| 主題: | |
| タグ: |
タグ追加
タグなし, このレコードへの初めてのタグを付けませんか!
|
| Thư viện lưu trữ: | Trung tâm Học liệu Trường Đại học Cần Thơ |
|---|
| LEADER | 00475nam a2200169Ia 4500 | ||
|---|---|---|---|
| 001 | CTU_168073 | ||
| 008 | 210402s9999 xx 000 0 und d | ||
| 082 | |a 635.34 | ||
| 082 | |b I.61 | ||
| 245 | 0 | |a International symposium on brassicas: | |
| 245 | 0 | |b Ninth crucifer genetics workshop | |
| 260 | |a Leuven (Belgium) | ||
| 260 | |b ISHS | ||
| 260 | |c 1996 | ||
| 650 | |a Brassicas,Cây họ cải | ||
| 910 | |a Nguyên | ||
| 980 | |a Trung tâm Học liệu Trường Đại học Cần Thơ | ||